| 000 | 01232ngm a22003370a 4500 | ||
|---|---|---|---|
| 001 | PT16542 | ||
| 003 | AR-LpoUNG | ||
| 005 | 20210202000213.0 | ||
| 007 | vd cvaizq | ||
| 008 | 191001s2001||||ag |||||||||||||||||spa d | ||
| 037 | _c$8.30 | ||
| 040 |
_aAR-LpoUNG _bspa _cAR-LpoUNG _eaacr |
||
| 041 | _aspa | ||
| 044 | _aag | ||
| 082 | 0 | _a909 532v11 | |
| 245 | 1 | 0 |
_aVida en la edad media : _bciudades y catedrales |
| 260 |
_aBuenos Aires : _bKalender Video Argentina, _c2001. |
||
| 300 | _aVHS (56 min.) : son., byn, col. | ||
| 520 | _aEuropa vivía como un mundo pobre en medio de castillos rodeados por poblaciones aisladas, con la impotencia del hombre frente a los fenómenos de la naturaleza y la ineficiencia de la técnica. Una sociedad estructurada y equilibrada, manifestada en las ciudades y catedrales góticas, un tipo de construcción, simbolo de la monarquía pontíficia, modelo del triunfo aristocrático. | ||
| 650 | 4 | _aARQUITECTURA | |
| 650 | 4 | _aCULTURA | |
| 650 | 4 | _aEUROPA | |
| 650 | 4 | _aHISTORIA SOCIAL | |
| 650 | 4 | _aSOCIEDAD | |
| 650 | 4 | _aURBANISMO | |
| 653 | _aVIDEOS | ||
| 653 | _aVIDEOS DIDACTICOS | ||
| 710 | 2 | _aMetropolitan Museum of Art (New York) | |
| 905 | _a16542 | ||
| 942 | _cVIDEO | ||
| 999 |
_c54324 _d54324 |
||